|
|
|
|
| LEADER |
01190nam a2200301 a 4500 |
| 001 |
2462 |
| 003 |
BD-DhAAL |
| 005 |
20150607113328.0 |
| 008 |
150607s1999 bg a b 000 0 eng |
| 010 |
|
|
|a 99952689
|
| 020 |
|
|
|a 9848120238
|
| 040 |
|
|
|a DLC
|c DLC
|d BD-DhAAL
|
| 050 |
0 |
0 |
|a PK1722.A2
|b R34 1999
|
| 082 |
|
|
|a 821
|
| 100 |
1 |
|
|a Tagore, Rabindranath,
|d 1861-1941.
|9 11747
|
| 240 |
1 |
0 |
|a Songs.
|s Texts.
|k Selections.
|l English
|
| 245 |
1 |
0 |
|a Songs of Tagore :
|b philosophy, selected translations, paintings /
|c Muhammad Anisur Rahman.
|
| 260 |
|
|
|a Dhaka :
|b Pathak Shamabesh,
|c 1999.
|
| 300 |
|
|
|a 139 p. :
|b col. ill. ;
|c 22 cm.
|
| 504 |
|
|
|a Includes bibliographical references (p. 137-139).
|
| 520 |
|
|
|a Songs, without musical notation.
|
| 541 |
|
|
|e 2462
|
| 600 |
1 |
0 |
|a Tagore, Rabindranath,
|d 1861-1941
|x Translations into English.
|9 11748
|
| 650 |
|
0 |
|a Songs, Bengali
|z India
|x Texts
|v Translations into English.
|9 11749
|
| 700 |
1 |
|
|a Rahman, Md. Anisur
|q (Muhammad Anisur)
|9 10753
|
| 942 |
|
|
|2 ddc
|c BK
|
| 999 |
|
|
|c 34632
|d 34632
|
| 952 |
|
|
|0 0
|1 0
|2 ddc
|4 0
|6 821_000000000000000_TAG
|7 0
|9 54085
|a SCL
|b SCL
|c GEN
|d 2015-06-07
|g 395.00
|l 8
|m 41
|o 821 TAG
|p 3020002462
|r 2019-12-05
|s 2019-09-22
|t 1
|w 2015-06-07
|y BK
|